000 00306nam a22001337a 4500
008 170824b xxu||||| |||| 00| 0 eng d
020 _a0226983382
041 _aeng
080 _a51
100 _a38
101 _aMAT
245 _aESSENTIAL RESULTS OF FUNCTIONAL ANALYSIS
_cZIMMER,R.J
942 _2udc
_cBK
999 _c24735
_d24735